000
00198 a2200097 4500
020
_a
0440413621
041
_a
eng
100
_a
Giff, Patricia Reilly
245
_a
Next stop, New York city
942
_c
BK
999
_c
5161
_d
5161